[Event "Sunway Formentera op 3rd"]
[Site "Sant Ferran de ses Roques"]
[Date "2024.04.17"]
[Round "8"]
[White "Colbow, Collin"]
[Black "Balakrishnan, Praveen"]
[Result "1-0"]
[WhiteElo "2376"]
[BlackElo "2500"]
[PlyCount "149"]
[EventDate "2024.04.09"]
[EventType "swiss"]
[EventRounds "10"]
[EventCountry "ESP"]
[SourceTitle "CB17_2024"]
[SourceDate "2024.04.24"]
[SourceVersion "1"]
[SourceVersionDate "2024.04.24"]
[SourceQuality "1"]

1. e4 c5 2. Nf3 g6 3. d4 cxd4 4. Nxd4 Nc6 5. Nc3 Bg7 6. Be3 Nf6 7. Bc4 0-0 8. Bb3 d6 9. f3 Qa5 10. Qd3 Nd7 11. 0-0-0 Nc5 12. Qd2 Nxd4 13. Bxd4 Nxb3+ 14. cxb3 Be6 15. Kb1 Bxd4 16. Qxd4 Rfc8 17. h4 Qe5 18. Qd2 Rc5 19. h5 Rac8 20. Ka1 g5 21. h6 b5 22. b4 Rxc3 23. bxc3 Rxc3 24. Qb2 f6 25. Kb1 Kf7 26. Rd2 Bc4 27. Rhd1 Kg6 28. Rh1 Bd3+ 29. Ka1 Bc4 30. Kb1 Bd3+ 31. Ka1 Qd4 32. Rhd1 Qc4 33. g3 g4 34. fxg4 Bxe4 35. Rd4 Qc6 36. g5 f5 37. g4 d5 38. gxf5+ Kxf5 39. g6 Rc2 40. Qa3 Qxg6 41. Qxa7 Qg2 42. Qa8 Ke6 43. Qa3 Kf7 44. Qb3 Kf6 45. Re1 Rf2 46. Rdd1 Qg5 47. Qc3+ Qe5 48. Rd4 Kf7 49. Qe3 Qf6 50. Red1 Bc2 51. R1d2 Rf1+ 52. Kb2 Be4 53. a3 Rf3 54. Qg1 Bg6 55. Ka2 Rf1 56. Qg2 Rf3 57. Qg4 e6 58. Kb2 Re3 59. Qf4 Bf5 60. Qxe3 Qg6 61. Qe5 Qh5 62. Qc7+ Ke8 63. Qc8+ Ke7 64. Qc7+ Ke8 65. Rg2 Bg6 66. Qc8+ Ke7 67. Qc7+ Ke8 68. Rf4 Qxh6 69. Qc8+ Ke7 70. Qc7+ Ke8 71. Qe5 Qh3 72. Re2 Kd7 73. Rf6 Be4 74. Rf7+ Ke8 75. Qg7 1-0

[Event "San Vicente op 8th"]
[Site "San Vicente"]
[Date "2024.03.30"]
[Round "6"]
[White "Colbow, Collin"]
[Black "Levin, Guy"]
[Result "1/2-1/2"]
[WhiteElo "2373"]
[BlackElo "2452"]
[PlyCount "75"]
[EventDate "2024.03.27"]
[EventType "swiss"]
[EventRounds "9"]
[EventCountry "ESP"]
[SourceTitle "CB14_2024"]
[SourceDate "2024.04.01"]
[SourceVersion "1"]
[SourceVersionDate "2024.04.01"]
[SourceQuality "1"]

1. e4 c6 2. d4 d5 3. e5 Bf5 4. h4 h5 5. c4 dxc4 6. Bxc4 e6 7. Nc3 Nd7 8. Nge2 Nb6 9. Bd3 Nh6 10. Bg5 Qd7 11. 0-0 Bg4 12. f3 Bf5 13. Rc1 Be7 14. Qd2 Bxd3 15. Qxd3 Nf5 16. Ne4 Rd8 17. Rcd1 Nd5 18. Rd2 f6 19. Bf4 Nxf4 20. Nxf4 Qxd4+ 21. Qxd4 Rxd4 22. Rxd4 Nxd4 23. Rd1 fxe5 24. Ng6 Rh6 25. Nxe5 Nf5 26. g3 Bf6 27. Nc4 Bd4+ 28. Kh2 Ke7 29. Na5 Rh8 30. b4 Rb8 31. Nc5 Bf2 32. g4 Bxc5 33. bxc5 hxg4 34. fxg4 Ne3 35. Rd4 Nd5 36. Rd3 Nf6 37. g5 Nd7 38. Rb3 1/2-1/2

[Event "Bremen Jubilee 125 op"]
[Site "Bremen"]
[Date "2024.03.05"]
[Round "4"]
[White "Krastev, Alexander"]
[Black "Colbow, Collin"]
[Result "1/2-1/2"]
[WhiteElo "2457"]
[BlackElo "2373"]
[PlyCount "48"]
[EventDate "2024.03.02"]
[EventType "swiss"]
[EventRounds "9"]
[EventCountry "GER"]
[SourceTitle "CB11_2024"]
[SourceDate "2024.03.13"]
[SourceVersion "1"]
[SourceVersionDate "2024.03.13"]
[SourceQuality "1"]

1. e4 c5 2. Nf3 d6 3. Bb5+ Bd7 4. Bxd7+ Qxd7 5. c4 Nc6 6. d4 cxd4 7. Nxd4 Nf6 8. Nc3 g6 9. f3 Bg7 10. Be3 0-0 11. 0-0 e6 12. Qd2 Rfd8 13. Rfd1 d5 14. Qf2 Qe7 15. cxd5 exd5 16. Nxc6 bxc6 17. exd5 Nxd5 18. Nxd5 Rxd5 19. Rxd5 cxd5 20. Bd4 Bxd4 21. Qxd4 Rc8 22. Qf2 Qg5 23. Rd1 Rc1 24. Qe2 d4 1/2-1/2

[Event "Wch U18"]
[Site "Montesilvano"]
[Date "2023.11.23"]
[Round "10"]
[White "Kenbeilov, Timur"]
[Black "Colbow, Collin"]
[Result "1-0"]
[WhiteElo "2044"]
[BlackElo "2403"]
[PlyCount "111"]
[EventDate "2023.11.13"]
[EventType "swiss"]
[EventRounds "11"]
[EventCountry "ITA"]
[SourceTitle "CB48_2023"]
[SourceDate "2023.11.29"]
[SourceVersion "1"]
[SourceVersionDate "2023.11.29"]
[SourceQuality "1"]

1. d4 Nf6 2. c4 e6 3. g3 d5 4. Bg2 Bb4+ 5. Nd2 0-0 6. Ngf3 b6 7. 0-0 Bb7 8. b3 a5 9. Bb2 Nbd7 10. Ne5 a4 11. Qc2 Qe7 12. cxd5 exd5 13. Ndc4 c6 14. Ne3 a3 15. Bc3 Bxc3 16. Qxc3 Nxe5 17. dxe5 Nd7 18. f4 g6 19. Kh1 Rae8 20. Rae1 f6 21. Ng4 fxe5 22. fxe5 Nxe5 23. Rxf8+ Kxf8 24. e4 Qc5 25. Qxc5+ bxc5 26. Nf6 Re7 27. exd5 cxd5 28. Rxe5 Rxe5 29. Nd7+ Ke7 30. Nxe5 Kd6 31. Nd3 Ba6 32. Ne1 c4 33. bxc4 Bxc4 34. Nc2 Kc5 35. Kg1 Bxa2 36. Nxa3 Kb4 37. Nc2+ Kc3 38. Ne1 d4 39. Be4 Bc4 40. Kf2 d3 41. Ng2 d2 42. Ne3 Bb3 43. Ke2 Ba4 44. Nd1+ Kd4 45. Bb1 Bxd1+ 46. Kxd1 Ke3 47. Bc2 Kf3 48. Kxd2 Kg2 49. Ke3 Kxh2 50. Kf3 Kh3 51. Bd3 Kh2 52. g4 Kh3 53. g5 Kh4 54. Kf4 Kh3 55. Be2 Kg2 56. Bc4 1-0

[Event "Wch U18"]
[Site "Montesilvano"]
[Date "2023.11.20"]
[Round "7"]
[White "Chen, Hongsen"]
[Black "Colbow, Collin"]
[Result "1/2-1/2"]
[WhiteElo "2061"]
[BlackElo "2403"]
[PlyCount "76"]
[EventDate "2023.11.13"]
[EventType "swiss"]
[EventRounds "11"]
[EventCountry "ITA"]
[SourceTitle "CB48_2023"]
[SourceDate "2023.11.29"]
[SourceVersion "1"]
[SourceVersionDate "2023.11.29"]
[SourceQuality "1"]

1. c4 e6 2. Nc3 d5 3. d4 Nf6 4. Bg5 dxc4 5. e3 c5 6. dxc5 Qxd1+ 7. Rxd1 Bxc5 8. Bxc4 a6 9. a4 b6 10. Be2 Nbd7 11. Bf3 Ra7 12. Ke2 Ke7 13. Bf4 h6 14. h4 a5 15. Bc6 Ba6+ 16. Kf3 e5 17. Bg3 Rc8 18. Bb5 e4+ 19. Ke2 Bb4 20. Bxa6 Rxa6 21. Nh3 Bxc3 22. Bd6+ Ke8 23. bxc3 Rxc3 24. Rc1 Nd5 25. Nf4 Nxf4+ 26. exf4 Rxc1 27. Rxc1 Ra8 28. f5 Rd8 29. Rc4 Nf6 30. Be5 Ke7 31. Rc6 Rd5 32. Bxf6+ gxf6 33. Rxb6 Rxf5 34. Rb7+ Ke6 35. Rb6+ Ke7 36. Rb7+ Ke6 37. Rb6+ Ke7 38. Rb7+ Ke6 1/2-1/2

[Event "Wch U18"]
[Site "Montesilvano"]
[Date "2023.11.14"]
[Round "2"]
[White "Liu, Casper Yukun"]
[Black "Colbow, Collin"]
[Result "1-0"]
[WhiteElo "2260"]
[BlackElo "2403"]
[PlyCount "101"]
[EventDate "2023.11.13"]
[EventType "swiss"]
[EventRounds "11"]
[EventCountry "ITA"]
[SourceTitle "CB48_2023"]
[SourceDate "2023.11.29"]
[SourceVersion "1"]
[SourceVersionDate "2023.11.29"]
[SourceQuality "1"]

1. c4 e6 2. Nc3 d5 3. d4 Nf6 4. cxd5 exd5 5. Bg5 Be7 6. e3 0-0 7. Bd3 Re8 8. Nf3 h6 9. Bf4 Nh5 10. Be5 Nc6 11. h3 Nxe5 12. dxe5 g6 13. Qc2 c6 14. 0-0-0 Qa5 15. Nd4 Bb4 16. Nb3 Qb6 17. Na4 Qd8 18. g4 Ng7 19. f4 a5 20. Nd4 Bd7 21. Nc5 Bxc5 22. Qxc5 a4 23. Rhg1 Ra5 24. Qd6 Qe7 25. Qxe7 Rxe7 26. Nf5 Re8 27. Nxh6+ Kf8 28. Rdf1 Ne6 29. f5 Nc5 30. Bc2 Kg7 31. fxg6 Kxh6 32. Rxf7 Ne4 33. Rxd7 Kxg6 34. Rxb7 Rxe5 35. h4 Rc5 36. Rf1 Re8 37. Rff7 Rh8 38. Rg7+ Kf6 39. h5 Ke5 40. Rg6 Re8 41. Rf7 Re6 42. Rf5+ Kd6 43. Kd1 Ng3 44. Rxe6+ Kxe6 45. Rf3 Ne4 46. Bxe4 dxe4 47. Rf5 Rc4 48. h6 Rb4 49. Rf2 Rb7 50. g5 Rh7 51. Kc2 1-0

[Event "Berlin Radtke Memorial op"]
[Site "Berlin"]
[Date "2023.10.29"]
[Round "9"]
[White "Colbow, Collin"]
[Black "Toktomushev, Teimur"]
[Result "1-0"]
[WhiteElo "2404"]
[BlackElo "2240"]
[PlyCount "81"]
[EventDate "2023.10.23"]
[EventType "swiss"]
[EventRounds "9"]
[EventCountry "GER"]
[SourceTitle "Mega2024 Update 01"]
[Source "Chessbase"]
[SourceDate "2023.11.12"]
[SourceVersion "1"]
[SourceVersionDate "2023.11.12"]
[SourceQuality "1"]

1. e4 c5 2. Nf3 e6 3. d4 cxd4 4. Nxd4 a6 5. Bd3 Bc5 6. Nb3 Ba7 7. Qg4 Nf6 8. Qg3 d6 9. Nc3 Nc6 10. Bd2 0-0 11. Bg5 Nh5 12. Qh4 f6 13. Bd2 g6 14. 0-0-0 b5 15. Be2 Ng7 16. Qg3 b4 17. Na4 Qd7 18. Be3 Ne5 19. Nb6 Bxb6 20. Bxb6 Qc6 21. Qe3 Bb7 22. Na5 Qxe4 23. f4 Rac8 24. Qd2 Rxc2+ 25. Qxc2 Rc8 26. Qxc8+ Bxc8 27. fxe5 Qxe2 28. Rxd6 Qb5 29. Rhd1 Nf5 30. Rc6 Kg7 31. g4 Ne7 32. exf6+ Kxf6 33. Bd8 Qg5+ 34. Kc2 b3+ 35. axb3 Qxg4 36. Rxc8 Qf5+ 37. Kc1 Qf4+ 38. Kb1 Qf3 39. Bxe7+ Kg7 40. Rd7 Qf5+ 41. Rc2 1-0

[Event "Berlin Radtke Memorial op"]
[Site "Berlin"]
[Date "2023.10.24"]
[Round "3"]
[White "Colbow, Collin"]
[Black "Degenhard, Simon"]
[Result "0-1"]
[WhiteElo "2404"]
[BlackElo "2207"]
[PlyCount "142"]
[EventDate "2023.10.23"]
[EventType "swiss"]
[EventRounds "9"]
[EventCountry "GER"]
[SourceTitle "Mega2024 Update 01"]
[Source "Chessbase"]
[SourceDate "2023.11.12"]
[SourceVersion "1"]
[SourceVersionDate "2023.11.12"]
[SourceQuality "1"]

1. Nf3 Nf6 2. d4 e6 3. e3 b6 4. Bd3 Bb7 5. 0-0 d5 6. b3 Bd6 7. Bb2 0-0 8. c4 c5 9. dxc5 Bxc5 10. Nbd2 Nc6 11. Qe2 Qe7 12. a3 dxc4 13. Nxc4 b5 14. Ncd2 a6 15. Rfc1 Bd6 16. Bxf6 gxf6 17. Ne4 Bxa3 18. Nxf6+ Qxf6 19. Rxa3 Nb4 20. Ne1 Qg7 21. f3 Rac8 22. Raa1 Rc3 23. Rab1 Rfc8 24. Rd1 Bd5 25. Be4 Bxe4 26. fxe4 Qg5 27. Nf3 Qxe3+ 28. Qxe3 Rxe3 29. Rd4 a5 30. e5 Nd3 31. Rg4+ Kh8 32. Rf1 h6 33. Rh4 Kg7 34. Rg4+ Kh7 35. Rd4 Rc7 36. Ra1 Ra7 37. Rh4 Nxe5 38. Nd4 b4 39. Kf2 Rd3 40. Ke2 Rc3 41. Re4 Rc5 42. g4 Rd7 43. h4 Rcd5 44. Ke3 Rc7 45. Rd1 Rc3+ 46. Ke2 Rh3 47. Kf2 Nd7 48. Kg2 Rc3 49. Rf1 Kg8 50. h5 Nc5 51. Ref4 Rd7 52. Nf3 Nxb3 53. g5 hxg5 54. Nxg5 Rc2+ 55. Kh1 Rdd2 56. Nf3 Rd5 57. Rg1+ Kf8 58. Ng5 Rdd2 59. Rh4 Ke7 60. h6 Rc8 61. Rf4 f5 62. Nf3 Rdd8 63. Ne5 Kf6 64. Re1 Rc1 65. Rxc1 Kxe5 66. Rcf1 Nd2 67. R1f2 b3 68. h7 b2 69. Rxd2 b1Q+ 70. Kg2 Rxd2+ 71. Kf3 Qd3# 0-1

[Event "EU-Cup 38th"]
[Site "Durres"]
[Date "2023.10.02"]
[Round "2.4"]
[White "Colbow, Collin"]
[Black "Anton Guijarro, David"]
[Result "0-1"]
[WhiteElo "2404"]
[BlackElo "2653"]
[PlyCount "144"]
[EventDate "2023.10.01"]
[EventType "team-swiss"]
[EventRounds "7"]
[EventCountry "ALB"]
[SourceTitle "EXT 2024"]
[Source "ChessBase"]
[SourceDate "2023.10.10"]
[SourceVersion "1"]
[SourceVersionDate "2023.10.10"]
[SourceQuality "1"]
[WhiteTeam "Werder Bremen"]
[BlackTeam "Novy Bor"]
[WhiteTeamCountry "GER"]
[BlackTeamCountry "CZE"]

1. e4 c6 2. d4 d5 3. exd5 cxd5 4. c4 Nf6 5. Nc3 e6 6. Nf3 Be7 7. cxd5 Nxd5 8. Bd3 0-0 9. 0-0 Nc6 10. Re1 Bf6 11. Be4 Nce7 12. Ne5 Ng6 13. Qf3 Nde7 14. Rd1 Nf5 15. Ng4 Be7 16. Bxb7 Nfh4 17. Qc6 Bxb7 18. Qxb7 Rb8 19. Qxa7 Bb4 20. Qa6 Nxg2 21. Kxg2 Bxc3 22. bxc3 Qd5+ 23. Kf1 Qf3 24. Nh6+ gxh6 25. Qd3 Qh5 26. Kg1 Rb5 27. Kh1 Rf5 28. f4 Kh8 29. Rg1 Rxf4 30. Bxf4 Qd5+ 31. Rg2 Qxg2+ 32. Kxg2 Nxf4+ 33. Kf3 Nxd3 34. Rb1 Rc8 35. Rb3 Nc1 36. Ra3 Kg7 37. Ke3 Nxa2 38. Rxa2 Rxc3+ 39. Kf4 Rh3 40. Ke5 Rh5+ 41. Ke4 Kf6 42. Rf2+ Ke7 43. Ra2 Rh4+ 44. Ke3 Rh3+ 45. Kf4 Rh4+ 46. Ke3 h5 47. Rb2 h6 48. Rb7+ Kf6 49. Rb2 Rh3+ 50. Kf4 Rd3 51. Ke4 Rd1 52. Ra2 Re1+ 53. Kf4 Rg1 54. Rb2 Kg6 55. Rd2 Rg5 56. Ke4 h4 57. Rf2 Rg1 58. Rd2 Kg5 59. Kf3 Rf1+ 60. Kg2 Rf5 61. Kh3 Kh5 62. Re2 Rf3+ 63. Kg2 Kg4 64. Rd2 h3+ 65. Kg1 Kf4 66. Re2 Rd3 67. Rf2+ Ke3 68. Rf1 Rxd4 69. Re1+ Kf3 70. Rf1+ Ke2 71. Kh1 Rd1 72. Kg1 Rxf1# 0-1

[Event "World-chT Rapid"]
[Site "Dusseldorf"]
[Date "2023.08.27"]
[Round "6.8"]
[White "Smirin, Ilia"]
[Black "Colbow, Collin"]
[Result "1-0"]
[WhiteElo "2574"]
[BlackElo "2409"]
[PlyCount "53"]
[EventDate "2023.08.26"]
[EventType "team-swiss (rapid)"]
[EventRounds "12"]
[EventCountry "GER"]
[SourceTitle "CBM 215 Extra"]
[Source "ChessBase"]
[SourceDate "2023.09.30"]
[SourceVersion "1"]
[SourceVersionDate "2023.09.30"]
[SourceQuality "1"]
[WhiteTeam "Ashdod Elit CC"]
[BlackTeam "Deutsche Schachjugend"]
[WhiteTeamCountry "ISR"]
[BlackTeamCountry "GER"]

1. e4 c5 2. Nf3 e6 3. d4 cxd4 4. Nxd4 Nc6 5. Nc3 Qc7 6. f4 a6 7. Be3 b5 8. Bd3 Nxd4 9. Bxd4 Qxf4 10. Rf1 Qd6 11. Qf3 Qxd4 12. Qxf7+ Kd8 13. Qxf8+ Kc7 14. Qf4+ Kb6 15. 0-0-0 Qc5 16. e5 Ne7 17. Be4 Rb8 18. Rd6+ Kc7 19. Rfd1 Rd8 20. Qg5 b4 21. Qxe7 Qe3+ 22. Kb1 bxc3 23. Rc6+ Kb7 24. Qb4+ Ka7 25. Rc7+ Bb7 26. Rxb7+ Rxb7 27. Qxb7# 1-0

[Event "GER-ch 94th"]
[Site "Ostfildern"]
[Date "2023.08.20"]
[Round "9"]
[White "Colbow, Collin"]
[Black "Tschernatsch, Johannes"]
[Result "0-1"]
[WhiteElo "2409"]
[BlackElo "2319"]
[PlyCount "72"]
[EventDate "2023.08.14"]
[EventType "swiss"]
[EventRounds "9"]
[EventCountry "GER"]
[SourceTitle "CBM 215 Extra"]
[Source "ChessBase"]
[SourceDate "2023.09.30"]
[SourceVersion "1"]
[SourceVersionDate "2023.09.30"]
[SourceQuality "1"]

1. c4 g6 2. e4 e5 3. Nf3 Bg7 4. d4 exd4 5. Nxd4 Nf6 6. Nc3 0-0 7. Bd3 d5 8. cxd5 c6 9. Bg5 h6 10. Bxf6 Qxf6 11. Nde2 cxd5 12. exd5 Nd7 13. 0-0 Ne5 14. Be4 Nc4 15. Qc2 Nd6 16. Bf3 h5 17. Rfd1 Bd7 18. Ne4 Nxe4 19. Bxe4 Rac8 20. Nc3 b5 21. Qb3 Rfe8 22. Bf3 Qf4 23. Re1 Be5 24. Rxe5 Rxe5 25. Qd1 Rce8 26. Ne2 Qf6 27. Qd2 Bg4 28. Bxg4 hxg4 29. Ng3 Qd6 30. Rd1 Rd8 31. h3 gxh3 32. gxh3 Rxd5 33. Qxd5 Qxd5 34. Rxd5 Rxd5 35. Ne4 Rd4 36. Nc3 a6 0-1

[Event "GER-ch 94th"]
[Site "Ostfildern"]
[Date "2023.08.19"]
[Round "8"]
[White "Poetsch, Hagen"]
[Black "Colbow, Collin"]
[Result "1/2-1/2"]
[WhiteElo "2484"]
[BlackElo "2409"]
[PlyCount "49"]
[EventDate "2023.08.14"]
[EventType "swiss"]
[EventRounds "9"]
[EventCountry "GER"]
[SourceTitle "CBM 215 Extra"]
[Source "ChessBase"]
[SourceDate "2023.09.30"]
[SourceVersion "1"]
[SourceVersionDate "2023.09.30"]
[SourceQuality "1"]

1. e4 c5 2. Nf3 d6 3. d4 cxd4 4. Nxd4 Nf6 5. Nc3 Nc6 6. Bg5 Bd7 7. Nxc6 bxc6 8. Bc4 Qa5 9. Qd2 Qb4 10. b3 e6 11. a3 Qa5 12. 0-0 Be7 13. b4 Qc7 14. Rad1 Rd8 15. Bf4 e5 16. Bg5 Bg4 17. f3 Bc8 18. Qf2 0-0 19. Rd3 Be6 20. Bxe6 fxe6 21. Qg3 d5 22. Qh3 Rd6 23. Qg3 Rdd8 24. Qh3 Rd6 25. Qg3 1/2-1/2

[Event "Titled Tuesday intern op 08th Aug Early"]
[Site "Chess.com INT"]
[Date "2023.08.08"]
[Round "9"]
[White "Colbow, Collin"]
[Black "Preobrazhenskaya, Diana"]
[Result "1-0"]
[WhiteElo "2409"]
[BlackElo "2056"]
[PlyCount "147"]
[EventDate "2023.08.08"]
[EventType "swiss (blitz)"]
[EventRounds "11"]
[EventCountry "USA"]
[SourceTitle "EXT 2024"]
[Source "ChessBase"]
[SourceDate "2023.10.10"]
[SourceVersion "1"]
[SourceVersionDate "2023.10.10"]
[SourceQuality "1"]

1. d4 Nf6 2. Nc3 d5 3. Bf4 c5 4. e3 a6 5. Qd2 Nc6 6. 0-0-0 c4 7. f3 b5 8. e4 b4 9. Nxd5 Nxd5 10. exd5 Qxd5 11. c3 a5 12. Ne2 Bf5 13. Bg3 e6 14. Nf4 Qb5 15. d5 0-0-0 16. Qe2 bxc3 17. bxc3 Ba3+ 18. Kd2 Qb2+ 19. Ke1 Qxc3+ 20. Qd2 Qxd2+ 21. Rxd2 c3 22. Ba6+ Kb8 23. Re2 e5 24. dxc6 exf4 25. Bxf4+ Ka7 26. c7 Rde8 27. Bb5 Rxe2+ 28. Kxe2 c2 29. Be3+ Kb7 30. Bd3 Bxd3+ 31. Kxd3 Kxc7 32. Kxc2 Bb4 33. Bd2 Bxd2 34. Kxd2 Rd8+ 35. Kc3 Kb6 36. Rb1+ Kc5 37. a4 Re8 38. Rb5+ Kc6 39. Rxa5 Re2 40. Ra7 Rxg2 41. Rxf7 Rxh2 42. Rxg7 Rh3 43. Rf7 Kb6 44. Rf5 h5 45. a5+ Ka6 46. Kb4 Rh1 47. Rf6+ Ka7 48. Rh6 Rb1+ 49. Kc5 Rc1+ 50. Kd4 Rd1+ 51. Ke3 Rh1 52. f4 h4 53. Kf3 Ra1 54. Rxh4 Rxa5 55. Rh6 Kb7 56. Rd6 Kc7 57. Rd4 Ra1 58. Ke4 Re1+ 59. Kf5 Rf1 60. Kg5 Rg1+ 61. Kf6 Rf1 62. f5 Rf2 63. Kg6 Rg2+ 64. Kf7 Rf2 65. f6 Rf3 66. Kg7 Rg3+ 67. Kf8 Rf3 68. f7 Rf2 69. Ke7 Re2+ 70. Kf6 Rf2+ 71. Ke6 Re2+ 72. Kf5 Rf2+ 73. Rf4 Rxf4+ 74. Kxf4 1-0

[Event "Titled Tuesday intern op 08th Aug Early"]
[Site "Chess.com INT"]
[Date "2023.08.08"]
[Round "8"]
[White "Sychev, Klementy"]
[Black "Colbow, Collin"]
[Result "1-0"]
[WhiteElo "2552"]
[BlackElo "2409"]
[PlyCount "121"]
[EventDate "2023.08.08"]
[EventType "swiss (blitz)"]
[EventRounds "11"]
[EventCountry "USA"]
[SourceTitle "EXT 2024"]
[Source "ChessBase"]
[SourceDate "2023.10.10"]
[SourceVersion "1"]
[SourceVersionDate "2023.10.10"]
[SourceQuality "1"]

1. e4 c6 2. c4 d5 3. cxd5 cxd5 4. exd5 Nf6 5. Qa4+ Bd7 6. Qb3 Qc7 7. Nc3 Na6 8. d4 g6 9. Nf3 Bg7 10. Be2 0-0 11. 0-0 Bf5 12. Ne5 Rfd8 13. Nxf7 Rf8 14. Ne5 Kh8 15. Bf4 Qb6 16. Qxb6 axb6 17. a3 Rad8 18. Bf3 Nh5 19. Bg5 Nf6 20. Nc4 h6 21. Be3 b5 22. Ne5 b4 23. axb4 Nxb4 24. g4 Bc2 25. Rfc1 Nd7 26. Bg2 Nxe5 27. dxe5 Bxe5 28. Bc5 Nd3 29. Bxe7 Nxc1 30. Rxc1 Bb3 31. Bxf8 Rxf8 32. Nb5 h5 33. h3 hxg4 34. hxg4 Bf4 35. Rc3 Bd1 36. Bf3 Bxf3 37. Rxf3 g5 38. d6 Rd8 39. Rd3 Kg7 40. Nd4 Kf6 41. Nf5 Ke6 42. Kg2 Bxd6 43. Rxd6+ Rxd6 44. Nxd6 Kxd6 45. Kf3 Ke5 46. Ke3 b5 47. f4+ gxf4+ 48. Kf3 b4 49. b3 Kd4 50. Kxf4 Kc3 51. g5 Kxb3 52. g6 Kc2 53. g7 b3 54. g8Q b2 55. Qc4+ Kd2 56. Qb3 Kc1 57. Qc3+ Kb1 58. Ke3 Ka2 59. Qa5+ Kb1 60. Kd3 Kc1 61. Qe1# 1-0

[Event "Piestany op-A"]
[Site "Piestany"]
[Date "2023.07.19"]
[Round "9"]
[White "Navaratnam, Rohan Shan Tze"]
[Black "Colbow, Collin"]
[Result "1/2-1/2"]
[WhiteElo "2315"]
[BlackElo "2429"]
[PlyCount "71"]
[EventDate "2023.07.11"]
[EventType "swiss"]
[EventRounds "9"]
[EventCountry "SVK"]
[SourceTitle "EXT 2024"]
[Source "ChessBase"]
[SourceDate "2023.10.10"]
[SourceVersion "1"]
[SourceVersionDate "2023.10.10"]
[SourceQuality "1"]

1. e4 c5 2. Nf3 e6 3. c3 Nf6 4. e5 Nd5 5. d4 cxd4 6. cxd4 d6 7. Bc4 Be7 8. 0-0 0-0 9. Qe2 a6 10. Qe4 Nd7 11. Rd1 dxe5 12. dxe5 b5 13. Bxd5 exd5 14. Qc2 Nb6 15. Nc3 Qc7 16. Be3 Na4 17. Rac1 Nxc3 18. Qxc3 Qxc3 19. Rxc3 Be6 20. Bc5 d4 21. Nxd4 Bxc5 22. Nxe6 Bxf2+ 23. Kxf2 fxe6+ 24. Ke3 Rf5 25. Rc5 Raf8 26. Rd2 Rg5 27. g3 Rff5 28. Ke4 h5 29. Rd6 Rf2 30. Rxe6 Rxh2 31. Rxa6 Rxb2 32. Kf4 Rg4+ 33. Kf3 Rg5 34. Kf4 Rg4+ 35. Kf3 Rg5 36. Kf4 1/2-1/2

[Event "Piestany op-A"]
[Site "Piestany"]
[Date "2023.07.15"]
[Round "5"]
[White "Babula, Vlastimil1111"]
[Black "Colbow, Collin"]
[Result "1-0"]
[WhiteElo "2302"]
[BlackElo "2429"]
[PlyCount "79"]
[EventDate "2023.07.11"]
[EventType "swiss"]
[EventRounds "9"]
[EventCountry "SVK"]
[SourceTitle "EXT 2024"]
[Source "ChessBase"]
[SourceDate "2023.10.10"]
[SourceVersion "1"]
[SourceVersionDate "2023.10.10"]
[SourceQuality "1"]

1. e4 c5 2. Nf3 e6 3. d4 cxd4 4. Nxd4 a6 5. Bd3 Bc5 6. Nb3 Ba7 7. Qg4 Nf6 8. Qg3 0-0 9. Bg5 d6 10. Nc3 Nbd7 11. 0-0-0 Qc7 12. f4 b5 13. a3 Bb7 14. Rhe1 e5 15. Nd5 Nxd5 16. exd5 f5 17. Bh6 Nc5 18. Nxc5 Bxc5 19. fxe5 dxe5 20. d6 Bxd6 21. Bxf5 Rf6 22. Rxd6 Rxd6 23. Rxe5 Rad8 24. b3 Bc8 25. Bxc8 Kh8 26. Bxa6 gxh6 27. Bxb5 Rg8 28. Qe3 Qg7 29. Bc4 Rf8 30. Bd3 Rxd3 31. cxd3 Qxg2 32. Qd4 Qg7 33. Re4 Rf1+ 34. Kd2 Qxd4 35. Rxd4 Rf2+ 36. Ke3 Rxh2 37. a4 h5 38. a5 Rg2 39. a6 Rg8 40. b4 1-0